Quizzes
Events
Quiz Creation
Community
Videos
Private Events
Remove Ads
Sign In
Join for FREE
Feedback
Dark Mode
Quiz Categories
Sports
Geography
Music
Movies
Television
Just For Fun
Miscellaneous
History
Literature
Language
Science
Gaming
Entertainment
Religion
Holiday
For Kids
Quiz Lab
Recent
Popular Today
Quiz Kudos Today
Editor Picks
Curator Picks
Quizzes by...
Day
Popularity
Type
Ratings
Length
Year
Community
Subscriptions
Recent Discussions
Orange Saloon
Badges
Playlists
Quests
Create
Leaderboards
Showdown
Live 5
Trivia Bingo
Activity
Puzzle Library
Sporcle Events
Private Events
Virtual Trivia
Globe League
Become a Host
Pub Owners
SporcleCon
Opinionation
Our Games
Videos
Blog
Mobile Apps
Partnerships
Remove Ads and Go Orange
Feedback
Sports
Athletes
MLB
NBA
NHL
NFL
Soccer
Sports Teams
WWE
NCAA
Football
Premier League
Basketball
Baseball
Hockey
Golf
Tennis
Cricket
Rugby
Auto Racing
Olympics
World Cup
Sports
Athletes
MLB
NBA
NHL
NFL
Soccer
Sports Teams
WWE
NCAA
Football
Premier League
Basketball
Baseball
Hockey
Golf
Tennis
Cricket
Rugby
Auto Racing
Olympics
World Cup
Random Quiz
Search Sporcle
×
Quiz Lab
Quiz Lab
Sports
Country
Type answers based on single images at one time
Type answers based on single images at one time
Slideshow
Best Score? Go Orange.
National Sports Slideshow Stats
Can you name the countries which have these national sports?*
By
DiscoInferniall
10m
25 Questions
175 Plays
175 Plays
175 Plays
Comments
Comments
Give Quiz Kudos
Give Quiz Kudos
-
- Ratings
hide this ad
More Info
Replay
Link that replays current quiz
Next Quiz
Link to next quiz in quiz playlist
You Got
0%
They Got
Avg Score
43%
Avg Friend Score
Upgrade to see
Score Distribution
Jump to the score distribution portion of the page
Score
0/25
Timer
10:00
0
Plays Today
% Correct
Bahamas
86.9%
Canada
86.3%
Cuba
82.9%
Japan
81.7%
Georgia
76%
South Korea
74.3%
Bhutan
64%
Australia
63.4%
Brazil
57.7%
Ireland
49.1%
Scotland
36.6%
Russia
36%
Afghanistan
35.4%
% Correct
Iran
33.1%
Denmark
32%
Estonia
32%
Argentina
30.3%
Bangladesh
25.7%
Colombia
22.9%
Slovenia
18.9%
Nepal
18.3%
Philippines
13.1%
Romania
12%
Sri Lanka
4%
Guyana
3.4%
Quiz Playlist
Details
Report
Send in Message
Add To Playlist
More Info:
* indicates a
de facto
national sport which is not recognised by the law.
Some sports apply to more than one country; all are accepted answers but only one is shown.
**Not an internationally accepted nation
Slideshow:
Type answers based on single images at one time
Quiz Source
Last Updated: Aug 9, 2017
Quiz Scoreboard
CHALLENGE
Sign Up to Join the Scoreboard
Show All
Scores
Hide
Comments
May contain spoilers
Recently Published
An Introduction to Baseball
by treessimontrees
Sports
5m
Movies - When Are They Set?
by FPL_Elf
Movies
5m
Popular People in 1961
by mucciniale
History
6m
More to Explore
Quiz From the Vault
Featured Blog Post
Where Did the Easter Bunny Come From?
hide this ad
You Might Also Like...
Tags
Country Quiz
national
Slideshow
Today's Top Quizzes in Sports
Browse Sports
hide this ad
Today's Top Quizzes in Country
Browse Country
Top Contributed Quizzes in Sports
1
Les meilleurs buteurs des matchs entre le PSG et l’OM
2
2022 World Cup Stars
3
FIFA Club World Cup Champions
4
Les entraîneurs de l'OM et du PSG au 21e siècle
5
Name the Premier League winners with different clubs
6
La finale Lions - Afrique du Sud 2021
7
England Test cricketers to play under Nasser Hussain
8
5-to-1: UK Sports Teams
9
Les joueurs passés par le LOSC et le RC Lens
10
Criteria MLB: Left Handed Sluggers
Explore More
Trending Topics
NBA
Anime
Marvel
Crossword
Harry Potter
Kpop
Disney
Pokémon
Puzzle
Soccer
NFL
WWE
Song
Country
The Office
hide this ad
More By:
DiscoInferniall
Quiz
Plays
Rating
Category
Featured
Created
Movie by Immediately Regretted Action
60,059
4.48
Movies
Jan 28, 2017
Movies Without Magic
41,414
4.58
Movies
Apr 4, 2016
Irish Counties - No Outlines
34,223
5.00
Geography
May 12, 2016
Movies Without Magic II
28,896
4.67
Movies
Sep 28, 2016
SI Unit Scientists by Image
24,308
4.81
Science
Apr 6, 2016
Go to Creator's Profile
Score Distribution
Quiz Creator Spotlight
DiscoInferniall
Follow
Send a Message
Quizzes Created
-
Created Quiz Play Count
-
More By This Creator
Popular Quizzes Today
1
Find the Countries of Europe - No Outlines Minefield
2
Find the US States - No Outlines Minefield
3
The Countries of the World
4
Popular People in 1961
5
Find the US States
6
US States
7
1-10 Letter E Words III
8
Risky Map Clicking: Biggest States A-Z
More Sports Quizzes
Did They Play For Manchester United?
Quiz Lab
Trending Quizzes
Risky Map Clicking: Least Populous States A-Z
1-10 Letter F Words
1-10 Letter G Words
Not Quite an Element Typing Challenge
One Thing in Common: United Kingdom
Recently Updated
Leaping Animals
pecheneg
Reality TV Shows (A-Z)
bhenderson79
Rickey Henderson's Hall of Fame Teammates
pecheneg
Champions League XIs: Arsenal
pecheneg
Quick Pick: Celebrities in WWE's Hall of Fame
aduchscher
A-Z Keypad Blitz II
pecheneg
Multiple Oscar Actors
pecheneg
Mystery Phrase Blitz: Oscar 'Best Actors'
pecheneg
F. Scott Fitzgerald Novels
LTH
Pick 3 Villains
ddd62291
Trending Topics
Disney
Anime
Kpop
NBA
Crossword
Marvel
Harry Potter
Country
Song
Pokémon
Puzzle
Soccer
NFL
The Office
WWE
Your Account Isn't Verified!
In order to create a playlist on Sporcle, you need to verify the email address you used during registration. Go to your
Sporcle Settings
to finish the process.
Report this User
Report this user for behavior that violates our
Community Guidelines
.
Details:
Send Report
Go to the Sporcle.com Mobile Site →
Comments